000 00686cam a22002293a 4500
001 32481
003 PGUSA
005 20140828083713.0
008 100522s2010||||xxu|||||s|||||000 p eng d
040 _aPGUSA
_beng
042 _adc
050 4 _aPT
100 1 _aRückert, Friedrich,
_d1788-1866
245 1 0 _aRostem und Suhrab :
_bEine Heldengeschichte in zwölf Büchern
_h[electronic resource] /
_cFriedrich Rückert
260 _bProject Gutenberg,
_c2010
506 _aPublic domain in the USA.
516 _aElectronic text
653 _aGerman poetry -- 19th century
830 0 _aProject Gutenberg
_v32481
856 4 0 _uhttp://www.gutenberg.org/ebooks/32481
942 _cEB
999 _c261736
_d261736